000 02487cam0 2200481 ib4500
001 BY-HR0007-br56132866
005 20260204100334.0
010 ^a978-5-6049761-7-3
^bв переплете
^d14 р. 84 к.
100 ^a20250314d2024 c y0rusy50 ca
101 0 ^arus
102 ^aRU
105 ^aa z 000zy
109 ^ama
200 1 ^aХрестоматия
^eначальные классы
^eволшебный мир
^e[для младшего школьного возраста
^fпереводчики: А. Ганзен и др.
^gхудожники: И. Цыганков и др.]
210 ^aМосква
^cИскателькнига
^d2024
215 ^a253, [2] с.
^cил.
^d21 см
225 1 ^aШкольная библиотека
333 ^a6+
345 ^91500 экз.
608 ^3BY-NLB-ar9019
^aДЕТСКАЯ И ЮНОШЕСКАЯ ЛИТЕРАТУРА (художеств. произведение)
^2BYGNR
608 ^3BY-NLB-ar16440
^aЛИТЕРАТУРНАЯ СКАЗКА
^2BYGNR
608 ^3BY-NLB-ar2157876
^aБАСНЯ
^2BYGNR
608 ^3BY-NLB-ar27475
^aРАССКАЗ
^2BYGNR
686 ^a84(0)
^2rubbk
690 ^a1
^2Base
^9BY-HO0014
^xRSEK
702 1 ^3BY-SEK-1516535
^aГанзен
^bА. В.
^gАнна Васильевна
^cпереводчица
^f1869—1942
^4730
702 1 ^3BY-SEK-1140162
^aПолевой
^bП. Н.
^gПетр Николаевич
^cписатель
^f1839―1902
^4730
702 1 ^3BY-SEK-ar1772793
^aЦыганков
^bИ. А.
^gИван Александрович
^cхудожник
^4440
702 1 ^3BY-SEK-626472
^aДугин
^bА. В.
^gАндрей Вячеславович
^cхудожник
^fрод. 1955
^4440
702 1 ^3BY-PLRB-ar14042599
^aИгнатьев
^bБ.
^gБорис
^cхудожник
^4440
702 1 ^3BY-SEK-ar13420822
^aШумилкина
^bИ. А.
^gИрина Александровна
^cхудожник
^4440
702 1 ^3BY-SEK-ar14777524
^aГубарева
^bН. Б.
^4440
702 1 ^3BY-SEK-ar4669715
^aСиманчук
^bА. И.
^gАндрей Ильич
^4440
702 1 ^3BY-SEK-ar14200609
^aСмирнова
^bЕ.
^cхудожник
^4440
702 1 ^3BY-SEK-ar13499466
^aГавин
^bП.
^gПавел
^4440
702 1 ^aСкоморохова
^bК.
^4440
801 0 ^aBY
^bBY-HR0007
^c20250314
^gRCR
801 2 ^aBY
^bBY-HO0014
^c20260204
^gRCR
035 ^a(BY-HO0014)BY-HR0007-br56132866
899 0 ^aBY-HO0014
^hХ91